Ριγολέττος : μελόδραμα σε τρεις πράξεις : Τζουζέπε Βέρντι [1813-1901] = Rigoletto : melodrama in tree acts : Giuseppe Verdi [1813-1901]

Αποθηκεύτηκε σε:
Λεπτομέρειες βιβλιογραφικής εγγραφής
Κύριος συγγραφέας: Piave, Francesco Maria, 1810-1876
Άλλοι συγγραφείς: Ταχματζίδου, Λένα (Μεταφραστής), Κώτση, Αντωνέτα (Επιμελητής έκδοσης)
Μορφή: Βιβλίο
Γλώσσα:Greek
Italian
Δημοσίευση: [Αθήνα] : Εθνική Λυρική Σκηνή, 2008/9.
Θέματα:
Ετικέτες: Προσθήκη ετικέτας
Δεν υπάρχουν, Καταχωρήστε ετικέτα πρώτοι!

MARC

LEADER 00000cam a2200000 i 4500
001 1/49330
008 140613s2009####gr | | ||| |||| ||gre||
020 |a 9789609854931  
035 |l 10117976 
040 |a GR-MY-UA  |b gre  |e aacr 
041 0 |a gre  |a ita 
082 0 |a 782.10268   |2 (23)  
100 1 |a Piave, Francesco Maria,   |d 1810-1876. 
245 1 0 |a Ριγολέττος :   |b μελόδραμα σε τρεις πράξεις : Τζουζέπε Βέρντι [1813-1901] = Rigoletto : melodrama in tree acts : Giuseppe Verdi [1813-1901] /   |c ποιητικό κείμενο Φραντσέσκο Μαρία Πιάβε ; μετάφραση ποιητικού κειμένου Λένα Ταχμαζίδου ; [επιμέλεια κειμένων Αντωνέτα Κώτση].  
246 1 |i Παράλληλος τίτλος:   |a Rigoletto :   |b melodrama in tree acts : Giuseppe Verdi [1813-1901]  
260 |a [Αθήνα] :   |b Εθνική Λυρική Σκηνή,   |c 2008/9.  
300 |a 96 σ. :   |b εικ. ;   |c 20 εκ.  
500 |a Παραχώρηση φωτογραφικού υλικού: Στάθης Αρφάνης, Μάρκος Μπόργκρεβε, Τζων Ρώσλυ, Αρχείο του Κέντρου Μελέτης και Έρευνας του Ελληνικού Θεάτρου-Θεατρικό Μουσείο, Εθνική Όπερα της Αγγλίας, Κρατική Όπερα της Βαυαρίας, Universal Music A.E. 
500 |a Βασισμένο στο θεατρικό έργο "Ο βασιλιάς διασκεδάζει" του Βικτώρ Ουγκώ.  
500 |a Αριθμός έκδοσης 17.  
650 0 0 |a Operas  |x Librettos. 
650 0 0 |a Operas  |x Stories, plots, etc. 
700 1 |a Ταχματζίδου, Λένα.  |4 trl 
700 1 |a Κώτση, Αντωνέτα.  |4 edt 
852 |a INST  |b LESVOS  |e 20140613  |h 782.10268 PIA  |p 005100054382  |q 005100054382  |t BK  |y 0 
901 |a BIBL1-2014-2 
909 |a Λ  |b 189784 
970 |a ΤΖΑΦΕΡΗ  |b ΕΥΑΓΓΕΛΙΑ  |z 2014/06/14